Peshchera neozhidannosteĭ : rasskazy /

Bibliographic Details
Main Author: Draitser, Emil, 1937-
Format: Book
Language:Russian
Published: Nʹi︠u︡-Ĭork : Ėffekt ; 1984.

MARC

Tag First Indicator Second Indicator Subfields
LEADER 00000cam a2200000 a 4500
001 in00001811713
005 20151026052118.0
008 831206s1984 nyu 000 1 ruso
010 |a  83063368  
020 |a 0915495007 :  |c $7.50 
035 |a (OCoLC)ocm11382063 
040 |a DLC  |c DLC  |d OCL  |d TXA  |d UtOrBLW 
049 |a TXAM 
050 0 0 |a PG3549.D7  |b P4 1984 
092 |a 891.7  |b D7595p 
100 1 |a Draitser, Emil,  |d 1937- 
245 1 0 |a Peshchera neozhidannosteĭ :  |b rasskazy /  |c Ėmilʹ Dreĭt︠s︡er ; predislovie Vasilii︠a︡ Aksenova. 
264 1 |a Nʹi︠u︡-Ĭork :  |b Ėffekt ;  |c 1984. 
264 2 |a Los Angeles, CA :  |b Distributed by Maxim Books, 
300 |a 156 pages ;  |c 22 cm. 
336 |a text  |b txt  |2 rdacontent 
337 |a unmediated  |b n  |2 rdamedia 
338 |a volume  |b nc  |2 rdacarrier 
500 |a Title on verso title page: The fun house. 
500 |a Includes previously published materials. 
740 0 |a Fun house. 
948 |a cataloged  |b h  |c 2004/3/12  |d c  |e spoltoratski  |f 11:30:33 am 
994 |a E0  |b TXA 
999 |a MARS 
999 f f |s 65dfed5c-be54-3e0c-91c1-f562973d3b72  |i 90c424f0-2d06-3144-9730-35cbee505b66  |t 0 
952 f f |p ric  |a Texas A&M University  |b Rellis Campus  |c Joint Library Facility  |d Remote Storage  |t 0  |e PG3549.D7 P4 1984  |h Library of Congress classification  |i unmediated -- volume  |m A14830873448 
998 f f |a PG3549.D7 P4 1984  |t 0  |l Remote Storage